000 00261nam a2200109Ia 4500
008 240625s9999 xx 000 0 und d
041 _aeng
082 _a004.16 BRO
100 _aBROESCH JAMES D
245 _aDIGITAL SIGNAL PROCESSING DMYSTIFIED
260 _c1997
999 _c33340
_d33340